Stadt zu Land #7 - Statistiken

Allgemein
  • Dieses Quiz wurde 227 mal gespielt
  • Das Durchschnittsergebnis liegt bei 10 aus 15
Antwortstatistiken
Stadt Land % Korrekt
Sydney Australien
97%
Kabul Afghanistan
93%
Aarhus Dänemark
92%
Linköping Schweden
83%
Gibraltar Vereinigtes Königreich
83%
Galway Irland
80%
Grand Rapids Vereinigte Staaten
75%
Luanda Angola
67%
João Pessoa Brasilien
62%
Györ Ungarn
62%
Perugia Italien
59%
Charleroi Belgien
57%
Kopavogur Island
46%
Samara Russland
43%
Homel Weißrussland
27%
Keine übereinstimmenden Quizze gefunden
Verteilung der Resultate
Anzahl Personen mit jedem Resultat
Perzentil nach korrekt beantworteten Fragen
Ihre Resultats-Entwicklung
Sie haben dieses Quiz noch nicht gespielt